Bài toán quy hoạch phân thức nhiều mục tiêu : Luận văn tốt nghiệp cao học ngành Toán Giải tích

Mục tiêu của luận văn là tổng hợp một số kết quả nghiên cứu gần đây về bài toán quy hoạch phân thức. Trong đó trọng tâm là các điều kiện tối ưu cho bài toán quy hoạch phân thức nhiều mục tiêu....

Disgrifiad llawn

Wedi'i Gadw mewn:
Manylion Llyfryddiaeth
Prif Awdur: Khiêu, Đức Minh
Fformat: Llyfr
Iaith:Undetermined
Cyhoeddwyd: Cần Thơ Trường Đại học Cần Thơ 2013
Pynciau:
Tagiau: Ychwanegu Tag
Dim Tagiau, Byddwch y cyntaf i dagio'r cofnod hwn!
Thư viện lưu trữ: Trung tâm Học liệu Trường Đại học Cần Thơ
LEADER 01083nam a2200217Ia 4500
001 CTU_181920
008 210402s9999 xx 000 0 und d
082 |a 515 
082 |b M312 
088 |a 60460102 
100 |a Khiêu, Đức Minh 
245 0 |a Bài toán quy hoạch phân thức nhiều mục tiêu : 
245 0 |b Luận văn tốt nghiệp cao học ngành Toán Giải tích 
245 0 |c Khiêu Đức Minh ; Phan Quốc Khánh (Cán bộ hướng dẫn) 
260 |a Cần Thơ 
260 |b Trường Đại học Cần Thơ 
260 |c 2013 
520 |a Mục tiêu của luận văn là tổng hợp một số kết quả nghiên cứu gần đây về bài toán quy hoạch phân thức. Trong đó trọng tâm là các điều kiện tối ưu cho bài toán quy hoạch phân thức nhiều mục tiêu. 
650 |a Toán giải tích,Mathematical analysis 
904 |i Thanh Khuyên, Trúc 
980 |a Trung tâm Học liệu Trường Đại học Cần Thơ